|
|
|
|
| LEADER |
01126nam a22003011a 4500 |
| 001 |
32035 |
| 003 |
BD-DhAAL |
| 005 |
20211116105738.0 |
| 008 |
170911s2006 maua b 001 0 eng d |
| 999 |
|
|
|c 38284
|d 38284
|
| 010 |
|
|
|a 2006044876
|
| 020 |
|
|
|a 0262062526 (hc : alk. paper)
|
| 020 |
|
|
|a 9780262062527 (hc : alk. paper)
|
| 040 |
|
|
|a DLC
|c DLC
|d DLC
|d BD-DhAAL
|
| 050 |
0 |
0 |
|a B105.I47
|b F75 2006
|
| 082 |
0 |
0 |
|a 701
|2 22
|
| 100 |
1 |
|
|a Friedberg, Anne.
|9 22112
|
| 245 |
1 |
4 |
|a The virtual window :
|b from Alberti to Microsoft /
|c Anne Friedberg.
|
| 260 |
|
|
|a Cambridge, Mass. :
|b MIT Press,
|c c2006.
|
| 300 |
|
|
|a xii, 357 pages :
|b illustrations ;
|c 24 cm.
|
| 504 |
|
|
|a Includes bibliographical references (p. [249]-348) and index.
|
| 526 |
|
|
|a ARCH
|
| 541 |
|
|
|e 32035
|
| 650 |
|
0 |
|a Image (Philosophy)
|x History.
|9 22113
|
| 650 |
|
0 |
|a Mass media
|x Philosophy
|x History.
|9 22114
|
| 650 |
|
0 |
|a Architecture.
|9 42695
|
| 942 |
|
|
|2 ddc
|c BK
|
| 952 |
|
|
|0 0
|1 0
|2 ddc
|4 0
|6 701_000000000000000_FRI
|7 0
|9 61297
|a BRACUL
|b BRACUL
|c GEN
|d 2017-09-16
|e Karim International
|g 2180.00
|l 1
|o 701 FRI
|p 3010032035
|r 2021-12-23
|s 2021-12-15
|t 1
|v 2180.00
|w 2017-09-16
|y BK
|